000 00384nam a22001337a 4500
082 _a620.007115491
_bMAC
_cL-31, P-37
100 _aPakistan, Govt of Punjab
_940582
245 _aCalendar 1937
_cGovt of Punjab, Pakistan
260 _aPakistan
_bGovt of Punjab, Pakistan
_c1937
300 _a144
526 _a0
_b0
_c0
_d620_007115491000000_MAC
650 _aMCE
_9379
942 _2ddc
_cBK
999 _c544838
_d544838